En Yakın Altı Ülke - Yemen - Statistics

General Stats
  • This quiz has been taken 144 times
  • The average score is 5 of 6
Answer Stats
km ülke % Correct
0 Suudi Arabistan
98%
0 Umman
98%
133 Somali
78%
109 Etiyopya
75%
29 Eritre
71%
20 Cibuti
68%
No matching quizzes found
Score Distribution
Percent of People with Each Score
Percentile by Number Answered
Your Score History
You have not taken this quiz